Normal view MARC view
  • Munir, Muhammad Rehan

Entry Personal Name

Number of records used in: 1

001 - CONTROL NUMBER

  • control field: 130581

003 - CONTROL NUMBER IDENTIFIER

  • control field: NUST

005 - DATE AND TIME OF LATEST TRANSACTION

  • control field: 20250922160653.0

008 - FIXED-LENGTH DATA ELEMENTS

  • fixed length control field: 250922|| aca||aabn | a|a d

040 ## - CATALOGING SOURCE

  • Original cataloging agency: NUST
  • Transcribing agency: NUST

100 ## - HEADING--PERSONAL NAME

  • Personal name: Munir, Muhammad Rehan

670 ## - SOURCE DATA FOUND

  • Source citation: Work cat.: (NUST): Munir, Muhammad Rehan, Melanoma Detection using Deep Learning with Explainability and Confidence Calibration/
© 2023 Central Library, National University of Sciences and Technology. All Rights Reserved.